Countries Most Likely to Collapse - Statistics

General Stats
  • This quiz has been taken 45 times
  • The average score is 22 of 30
Answer Stats
Failed States Index Country % Correct
112 Somalia
93%
106 Sudan
93%
109 South Sudan
90%
94.5 Eritrea
85%
96.1 Libya
83%
109 Yemen
83%
100 Ethiopia
80%
93.4 Niger
80%
107 Afghanistan
78%
105 Chad
78%
107 Democratic Republic of the Congo
78%
91.4 Iraq
78%
99.5 Mali
78%
106 Central African Republic
76%
90.7 Republic of The Congo
76%
98 Nigeria
73%
107 Syria
73%
90.5 Venezuela
73%
94.2 Burundi
68%
98.5 Guinea
68%
103 Haiti
68%
94 Mozambique
68%
95.9 Ukraine
68%
94 Burkina Faso
66%
94 Cameroon
63%
100 Myanmar
63%
91.5 Uganda
61%
96.9 Zimbabwe
61%
91.8 Lebanon
59%
90.3 Sri Lanka
34%
No matching quizzes found
Score Distribution
Percent of People with Each Score
Percentile by Number Answered
Your Score History
You have not taken this quiz